Non-human animals as victims of crime: challenging the status quo in criminology
The movements advocating for the rights of non-human animals have their origins in ancient times, albeit their relevance in the present day. Given that relevance, and since Victimology typically centers solely on human experiences, there's the need for an approach that extends beyond humanity t...
| Main Author: | |
|---|---|
| Format: | Print Article |
| Language: | English |
| Published: |
2024
|
| In: |
Modern insights and strategies in victimology
Year: 2024, Pages: 220-240 |
| Check availability: | HBZ Gateway |
MARC
| LEADER | 00000naa a2200000 c 4500 | ||
|---|---|---|---|
| 001 | 1940169208 | ||
| 003 | DE-627 | ||
| 005 | 20251104131910.0 | ||
| 007 | tu | ||
| 008 | 251104s2024 xx ||||| 00| ||eng c | ||
| 020 | |a 9798369347133 | ||
| 035 | |a (DE-627)1940169208 | ||
| 035 | |a (DE-599)KXP1940169208 | ||
| 040 | |a DE-627 |b ger |c DE-627 |e rda | ||
| 041 | |a eng | ||
| 084 | |a 2,1 |2 ssgn | ||
| 100 | 1 | |a Pinto, Filipa |e VerfasserIn |0 (orcid)0009-0008-0741-7534 |4 aut | |
| 245 | 1 | 0 | |a Non-human animals as victims of crime: challenging the status quo in criminology |c Filipa Pinto (University of Minho, Portugal) |
| 264 | 1 | |c 2024 | |
| 336 | |a Text |b txt |2 rdacontent | ||
| 337 | |a ohne Hilfsmittel zu benutzen |b n |2 rdamedia | ||
| 338 | |a Band |b nc |2 rdacarrier | ||
| 500 | |a Literaturverzeichnis: Seite 237-240 | ||
| 520 | |a The movements advocating for the rights of non-human animals have their origins in ancient times, albeit their relevance in the present day. Given that relevance, and since Victimology typically centers solely on human experiences, there's the need for an approach that extends beyond humanity to recognize victimization's broader dimensions. With that in mind, this chapter focuses on dismantling the anthropocentric perspective on crime, emphasizing the crucial need to extend consideration to non-human animals as well. By challenging the status quo, it aims to prompt a shift toward incorporating non-human animals into our comprehension of criminality, and, therefore, advocates for the recognition of the rights of non-human animals. In summary, this chapter argues for a more comprehensive understanding of crime, that encompasses both human and non-human experiences, and highlights the importance of studying this type of violence within the field of Criminology, benefiting not only the scientific community but also extending support to victims who, for a long time, have been overlooked. | ||
| 773 | 0 | 8 | |i Enthalten in |t Modern insights and strategies in victimology |d Hershey, PA : IGI Global, 2024 |g (2024), Seite 220-240 |h xviii 292 Seiten |w (DE-627)1884778615 |z 9798369322017 |z 9798369347133 |7 nnam |
| 773 | 1 | 8 | |g year:2024 |g pages:220-240 |
| 776 | 1 | |o 10.4018/979-8-3693-2201-7.ch010 | |
| 951 | |a AR | ||
| ELC | |b 1 | ||
| LOK | |0 000 xxxxxcx a22 zn 4500 | ||
| LOK | |0 001 4796108254 | ||
| LOK | |0 003 DE-627 | ||
| LOK | |0 004 1940169208 | ||
| LOK | |0 005 20251104131910 | ||
| LOK | |0 008 251104||||||||||||||||ger||||||| | ||
| LOK | |0 040 |a DE-2619 |c DE-627 |d DE-2619 | ||
| LOK | |0 092 |o n | ||
| LOK | |0 852 |a DE-2619 | ||
| LOK | |0 852 1 |9 00 | ||
| LOK | |0 939 |a 04-11-25 |b l01 | ||
| ORI | |a SA-MARC-krimdoka001.raw | ||
